The Myths of the North American indians. With thirty two plates in colour by James Jack and other illustrations
Gespeichert in:
| 1. Verfasser: | |
|---|---|
| Format: | Buch |
| Sprache: | Englisch |
| Veröffentlicht: |
Londres
George G. Harrap & Co.
1916
|
| Ausgabe: | 1a. ed |
| Schlagworte: | |
| Tags: |
Tag hinzufügen
Keine Tags, Fügen Sie den ersten Tag hinzu!
|
MARC
| LEADER | 00000nam a2200000 a 4500 | ||
|---|---|---|---|
| 001 | UCJ6982 | ||
| 003 | CL-VaPUC | ||
| 008 | 070124e19160000UK |||||||||||||||||eng|d | ||
| 082 | 0 | 4 | |a 572 |b SPE |2 21 |
| 100 | 0 | |a Spence, Lewis |e author |9 514757 | |
| 245 | 1 | 4 | |a The Myths of the North American indians. With thirty two plates in colour by James Jack and other illustrations |
| 250 | |a 1a. ed | ||
| 300 | |a xii, 392 p | ||
| 942 | |c BK | ||
| 945 | |d 20070124 00:00:00 |a rinostro | ||
| 260 | |a Londres |b George G. Harrap & Co. |c 1916 | ||
| 500 | |a Ilustraciones conforme a lo señalado en índice | ||
| 650 | 0 | |a Etnología |9 258726 | |
| 650 | 0 | |a Aborígenes |9 329972 | |
| 650 | 0 | |a Mitología |9 255719 | |
| 650 | 0 | |a Arqueología |9 265619 | |
| 650 | 7 | |a LEYENDAS |2 CL-VaPUC |9 265258 | |
| 650 | 7 | |a TRADICIONES |2 CL-VaPUC |9 367367 | |
| 650 | 7 | |a TOTEMISMO |2 CL-VaPUC |9 266738 | |
| 650 | 0 | |a Cultura |9 269059 | |
| 650 | 0 | |a Algonquinos |9 514758 | |
| 650 | 7 | |a IROQUESES |2 CL-VaPUC |9 505849 | |
| 650 | 7 | |a SIOUX |2 CL-VaPUC |9 514759 | |
| 650 | 0 | |a Ilustraciones |9 369481 | |
| 651 | 7 | |a ESTADOS UNIDOS DE NORTEAMERICA |2 CL-VaPUC |9 316036 | |
| 583 | |a last modification |c 20070124 00:00:00 |k Rodrigo Vera | ||
| 999 | |c 323084 |d 323082 | ||
| 952 | |0 0 |1 0 |4 0 |6 572_000000000000000_SPE_1916 |7 0 |8 X |9 402341 |a FDOBUD |b FDOBUD |d 2019-11-22 |i 1055968 |o 572 SPE 1916 |p 1055968 |r 2019-11-22 |w 2019-11-22 |y BK_X |k BUD | ||